| 000 | 01011nam a2200265Ia 4500 | ||
|---|---|---|---|
| 003 | OSt | ||
| 005 | 20220923224614.0 | ||
| 006 | a|||||r|||| 00| 0 | ||
| 007 | ta | ||
| 008 | 220922b |||||||| |||| 00| 0 mar d | ||
| 020 | _c200 | ||
| 024 | _a246,300 | ||
| 037 |
_b369, 17/02/2011, Vani Prakashan _cTextual |
||
| 040 |
_aARTS _cARTS _bmar |
||
| 041 |
_2mar _amar |
||
| 082 | _aO155,3N56x, 152P8 | ||
| 100 |
_aलिंबाले, शरण कुमार; ठकार, निशिकांत, अनु. _9168128 |
||
| 245 | 0 | _aदलित ब्राह्मण | |
| 246 | _aDalit brāhmaṇa | ||
| 260 |
_aनयी दिल्ली _b वाणी प्रकाशन _c2008 |
||
| 300 |
_a125पृ0 _ccm. |
||
| 650 | _aमराठी साहित्य | ||
| 942 |
_hO155,3N56x, 152P8 _cTEXL _2CC |
||
| 999 |
_c372474 _d372474 |
||